Các trò chơi về lịch sử nước Mĩ

Sách gồm các bài kiểm tra và câu đố đi kèm có thể được chơi kết hợp với nhiều trò chơi khác hoặc chơi độc lập. Phần đáp án sẽ chỉ dẫn cho người chơi những hoạt động có liên quan và câu trả lời của câu đố. Sách đề cập đến các ph...

Disgrifiad llawn

Wedi'i Gadw mewn:
Manylion Llyfryddiaeth
Prif Awdur: Các trò chơi về lịch sử nước Mĩ
Fformat: Llyfr
Iaith:Undetermined
Cyhoeddwyd: Hà Nội VHTT 1997
Pynciau:
Tagiau: Ychwanegu Tag
Dim Tagiau, Byddwch y cyntaf i dagio'r cofnod hwn!
Thư viện lưu trữ: Trung tâm Học liệu Trường Đại học Cần Thơ
LEADER 01333nam a2200181Ia 4500
001 CTU_16603
008 210402s9999 xx 000 0 und d
082 |a 372.89 
082 |b C101 
100 |a Các trò chơi về lịch sử nước Mĩ 
245 0 |a Các trò chơi về lịch sử nước Mĩ 
245 0 |c Các trò chơi về lịch sử nước Mĩ, E Richard, Edward H. Blair, Linda R. Churchill; Hiệu đính: Nguyễn Hoàng Điệp; Dịch giả: Vũ Hoài Thu, Lê Vân Sơn, Huỳnh Mai Hương 
260 |a Hà Nội 
260 |b VHTT 
260 |c 1997 
520 |a Sách gồm các bài kiểm tra và câu đố đi kèm có thể được chơi kết hợp với nhiều trò chơi khác hoặc chơi độc lập. Phần đáp án sẽ chỉ dẫn cho người chơi những hoạt động có liên quan và câu trả lời của câu đố. Sách đề cập đến các phần chính trong lịch sử và địa lý nước Mỹ, đặc biệt còn đưa ra một số kiến thức rất phổ thông và lý thú 
650 |a united states - history - study and teaching ( elementary ) 
980 |a Trung tâm Học liệu Trường Đại học Cần Thơ